[Event "ESTCC U65 2018"]
[Site "Walbrzych"]
[Date "2018.04.17"]
[Round "4"]
[White "Ruotanen, Helge"]
[Black "Mortensen, Steen Juul"]
[Result "1/2-1/2"]
[WhiteElo "1921"]
[BlackElo "1940"]
[Annotator "NA"]
[PlyCount "38"]
[EventDate "2018.??.??"]
[EventCountry "POL"]
[SourceTitle "playchess.com"]
[Source "ChessBase"]
[SourceQuality "1"]
[WhiteTeam "Finland"]
[BlackTeam "Denmark"]
[WhiteTeamCountry "FIN"]
[BlackTeamCountry "DEN"]
[TimeControl "40/5400+30:1800+30"]

1. g3 {[%emt 0:00:00]} g6 {[%emt 0:00:11]} 2. d3 {[%emt 0:00:24]} Bg7 {[%emt 0:00:06]} 3. Bg2 {[%emt 0:00:16]} c5 {[%emt 0:00:16]} 4. Nc3 {[%emt 0:00:32]} Nc6 {[%emt 0:00:29]} 5. e4 {[%emt 0:00:58]} d6 {[%emt 0:01:09]} 6. Be3 {[%emt 0:05:29]} e6 {[%emt 0:02:42]} 7. Qd2 {[%emt 0:01:30]} Nge7 {[%emt 0:00:28]} 8. Nge2 {[%emt 0:06:44]} Nd4 {[%emt 0:02:58]} 9. O-O {[%emt 0:04:23]} Qa5 {[%emt 0:02:57]} 10. Kh1 {[%emt 0:02:25]} Nec6 {[%emt 0:05:35]} 11. Qc1 {[%emt 0:06:07]} Nb4 {[%emt 0:03:10]} 12. Bxd4 {[%emt 0:05:53]} cxd4 {[%emt 0:00:15]} 13. Nb1 {[%emt 0:01:58]} Bd7 {[%emt 0:02:52]} 14. Nd2 {[%emt 0:02:27]} Rc8 {[%emt 0:11:23]} 15. Nc4 {[%emt 0:01:04]} Qc5 {[%emt 0:05:37]} 16. a3 {[%emt 0:01:15]} Nxc2 {[%emt 0:02:44]} 17. Qxc2 {[%emt 0:00:28]} b5 {[%emt 0:02:11]} 18. Nxd6+ {[%emt 0:03:14]} Qxd6 {[%emt 0:00:26]} 19. Qd2 {[%emt 0:00:21]} O-O {[%emt 0:00:36]} 1/2-1/2

[Event "ESTCC U65 2018"]
[Site "Walbrzych"]
[Date "2018.04.17"]
[Round "4"]
[White "Marks, Ian A"]
[Black "Lisenko, Alexander V"]
[Result "0-1"]
[WhiteElo "1895"]
[BlackElo "2368"]
[Annotator "NA"]
[PlyCount "42"]
[EventDate "2018.??.??"]
[EventCountry "POL"]
[SourceTitle "playchess.com"]
[Source "ChessBase"]
[SourceQuality "1"]
[WhiteTeam "Scotland"]
[BlackTeam "Russia"]
[WhiteTeamCountry "SCO"]
[BlackTeamCountry "RUS"]
[TimeControl "40/5400+30:1800+30"]

1. d4 {[%emt 0:00:00]} Nf6 {[%emt 0:00:05]} 2. Nf3 {[%emt 0:00:00]} e6 {[%emt 0:00:09]} 3. e3 {[%emt 0:00:02]} b6 {[%emt 0:00:12]} 4. Bd3 {[%emt 0:00:08]} Bb7 {[%emt 0:00:10]} 5. O-O {[%emt 0:00:19]} c5 {[%emt 0:00:07]} 6. c4 {[%emt 0:00:36]} cxd4 {[%emt 0:00:36]} 7. exd4 {[%emt 0:00:11]} Be7 {[%emt 0:00:16]} 8. Nc3 {[%emt 0:00:18]} d5 {[%emt 0:01:07]} 9. cxd5 {[%emt 0:00:48]} Nxd5 {[%emt 0:00:07]} 10. Re1 {[%emt 0:03:25]} Nxc3 {[%emt 0:02:46] E14: Queen's Indian: Classical Variation (4 e3)} 11. bxc3 {[%emt 0:00:13]} Nd7 {[%emt 0:00:59]} 12. Qe2 {[%emt 0:05:49]} O-O {[%emt 0:00:55]} 13. Bb2 $146 {[%emt 0:11:01]} ({Predecessor:} 13. Bf4 Nf6 14. Be5 Rc8 15. c4 Bd6 16. Rad1 Bb4 17. Rf1 Nd7 18. h4 Bxf3 19. Qxf3 Nxe5 20. dxe5 Qxh4 21. g3 Qg5 22. Qe4 g6 23. Kg2 {½-½ (23) Laxman,R (2390)-Meister,J (2504) playchess.com INT 2006}) 13... Bf6 {[%emt 0:08:18]} 14. Ne5 {[%emt 0:06:04]} Bxe5 {[%emt 0:07:16]} 15. dxe5 {[%emt 0:00:36]} Nc5 {[%emt 0:00:21]} 16. Bxh7+ {[%emt 0:14:09]} Kxh7 {[%emt 0:00:14]} 17. Qh5+ {[%emt 0:00:06]} Kg8 {[%emt 0:00:05]} 18. Re3 {[%emt 0:00:15]} Qd5 {[%emt 0:04:52]} 19. Rg3 {[%emt 0:00:43]} Qe4 {[%emt 0:11:32]} 20. f3 {[%emt 0:10:14]} Qe3+ {[%emt 0:04:45]} 21. Kh1 {[%emt 0:00:19]} Nd3 $19 {[%emt 0:00:16]} 0-1

[Event "ESTCC U65 2018"]
[Site "Walbrzych"]
[Date "2018.04.17"]
[Round "4"]
[White "Karppinen, Martti"]
[Black "Patola, Eero"]
[Result "1-0"]
[WhiteElo "1894"]
[BlackElo "1823"]
[Annotator "NA"]
[PlyCount "63"]
[EventDate "2018.??.??"]
[EventCountry "POL"]
[SourceTitle "playchess.com"]
[Source "ChessBase"]
[SourceQuality "1"]
[WhiteTeam "Finland"]
[BlackTeam "Finland"]
[WhiteTeamCountry "FIN"]
[BlackTeamCountry "FIN"]
[TimeControl "40/5400+30:1800+30"]

1. d4 f5 2. c4 Nf6 3. Nc3 g6 4. Bf4 Bg7 5. Nf3 d6 6. Qd2 O-O {A85: Dutch Defence: 2 c4 Nf6 3 Nc3} 7. Bh6 c6 8. Bxg7 Kxg7 9. e3 a6 $146 ({Find the theoretical novelty and annotate with similar games:} 9... Qe8 10. d5 h6 11. Be2 Na6 {1-0 (46) Delgado Ramirez,N (2570)-Cori Tello,D (2414) Montevideo 2011}) 10. d5 Bd7 11. Bd3 h6 12. O-O c5 13. e4 fxe4 14. Nxe4 Bg4 (14... Nxe4 {was necessary.} 15. Bxe4 Rf6) 15. Nh4 Nxe4 16. Bxe4 Bf5 17. Qc3+ Kh7 18. Bxf5 gxf5 19. Rae1 Rf7 $18 (19... e5 {was called for.}) 20. Re6 Nd7 21. Qe3 Qf8 22. Ng6 Qg7 23. h4 Rg8 24. g3 Nf6 25. Nxe7 Ng4 26. Qe2 Re8 27. Re1 Ne5 28. Nxf5 Rxf5 29. Rxe8 Nf3+ 30. Kf1 Nxe1 31. Re7 Rxf2+ 32. Kxf2 1-0

[Event "ESTCC U65 2018"]
[Site "Walbrzych"]
[Date "2018.04.17"]
[Round "4"]
[White "Auvinen, Esa"]
[Black "Vehkalahti, Veli"]
[Result "0-1"]
[WhiteElo "1888"]
[BlackElo "1880"]
[Annotator "NA"]
[PlyCount "55"]
[EventDate "2018.??.??"]
[EventCountry "POL"]
[SourceTitle "playchess.com"]
[Source "ChessBase"]
[SourceQuality "1"]
[WhiteTeam "FIN"]
[BlackTeam "FIN"]
[WhiteTeamCountry "FIN"]
[BlackTeamCountry "FIN"]
[TimeControl "40/5400+30:1800+30"]

1. e4 {[%emt 0:00:00]} d6 {[%emt 0:01:14]} 2. d4 {[%emt 0:00:00]} Nf6 {[%emt 0:00:13]} 3. Nc3 {[%emt 0:00:00]} Nbd7 {[%emt 0:00:26]} 4. Nf3 {[%emt 0:00:57]} e5 {[%emt 0:00:33]} 5. dxe5 {[%emt 0:01:23]} dxe5 {[%emt 0:00:30]} 6. Bc4 {[%emt 0:00:43]} Be7 {[%emt 0:00:57]} 7. O-O {[%emt 0:00:13]} O-O {[%emt 0:00:07]} 8. Bg5 {[%emt 0:02:24] C41: Philidor Defence} c6 {[%emt 0:00:44]} 9. Bb3 {[%emt 0:05:48]} (9. a4 Qc7 10. Nh4 Nb6 11. Bb3 Bg4 12. Qc1 a5 13. h3 Be6 14. Nf5 Bxf5 15. exf5 Nbd7 16. Qe3 Rae8 17. Rad1 Kh8 {½-½ (30) Mohammad,M (2417)-Rahman,Z (2508) Dhaka 2016}) 9... Qc7 {[%emt 0:00:48]} 10. Re1 {[%emt 0:05:58]} Nc5 {[%emt 0:03:39]} 11. Bc4 {[%emt 0:00:14]} Bg4 $146 {[%emt 0:07:59]} ({Find the theoretical novelty and annotate with similar games:} 11... b5 12. Bd3 Bg4 13. h3 Bh5 14. g4 Bg6 15. Nh4 {½-½ (51) Bagdasarian,S (1870)-Voshchenko,Y Anapa 2010}) 12. Re3 {[%emt 0:03:17]} b5 {[%emt 0:05:21]} 13. Bf1 {[%emt 0:07:31]} b4 {[%emt 0:06:26]} 14. Bxf6 {[%emt 0:02:04]} Bxf6 {[%emt 0:01:03]} 15. Nb1 {[%emt 0:00:21]} Bg5 {[%emt 0:03:43]} 16. Re1 {[%emt 0:01:55]} Rad8 {[%emt 0:02:28]} 17. Qe2 {[%emt 0:00:16]} Ne6 {[%emt 0:00:35]} 18. Qc4 {[%emt 0:06:13]} Bxf3 {[%emt 0:01:04]} 19. gxf3 {[%emt 0:00:01]} Nd4 {[%emt 0:08:18]} 20. Bg2 {[%emt 0:01:41]} Rd6 {[%emt 0:01:32]} 21. c3 {[%emt 0:01:10]} Nc2 {[%emt 0:00:35]} 22. Qe2 {[%emt 0:00:49]} Nxe1 {[%emt 0:04:22]} 23. Qxe1 {[%emt 0:00:09]} Rfd8 {[%emt 0:00:11]} 24. Bf1 {[%emt 0:03:31]} Rd1 {[%emt 0:00:51]} 25. Qe2 {[%emt 0:00:05]} bxc3 {[%emt 0:03:43]} 26. bxc3 {[%emt 0:00:23]} Qd6 $19 {[%emt 0:01:07]} 27. Qb2 {[%emt 0:06:00]} Qg6 {[%emt 0:01:21]} 28. Kh1 {[%emt 0:00:45]} 0-1

[Event "ESTCC U65 2018"]
[Site "Walbrzych"]
[Date "2018.04.17"]
[Round "4"]
[White "Fernengel, Rudolf"]
[Black "Meskanen, Vesa"]
[Result "1/2-1/2"]
[WhiteElo "1789"]
[BlackElo "2066"]
[Annotator "NA"]
[PlyCount "116"]
[EventDate "2018.??.??"]
[EventCountry "POL"]
[SourceTitle "playchess.com"]
[Source "ChessBase"]
[SourceQuality "1"]
[WhiteTeam "Germany"]
[BlackTeam "Finland"]
[WhiteTeamCountry "GER"]
[BlackTeamCountry "FIN"]
[TimeControl "40/5400+30:1800+30"]

1. d4 {[%emt 0:00:00]} Nf6 {[%emt 0:00:12]} 2. c4 {[%emt 0:00:00]} g6 {[%emt 0:00:08]} 3. Nc3 {[%emt 0:00:00]} d5 {[%emt 0:00:09]} 4. cxd5 {[%emt 0:00:19]} Nxd5 {[%emt 0:03:29]} 5. e4 {[%emt 0:00:12]} Nxc3 {[%emt 0:00:14]} 6. bxc3 {[%emt 0:00:09]} Bg7 {[%emt 0:00:02]} 7. Bc4 {[%emt 0:02:44]} c5 {[%emt 0:00:26]} 8. Ne2 {[%emt 0:01:23]} O-O {[%emt 0:00:33]} 9. O-O $11 {[%emt 0:01:08]} Nc6 {[%emt 0:00:14]} 10. Be3 {[%emt 0:00:31]} Bg4 {[%emt 0:00:43]} 11. f3 {[%emt 0:00:42]} cxd4 {[%emt 0:00:52]} 12. cxd4 {[%emt 0:01:03]} Na5 {[%emt 0:00:34]} 13. Bxf7+ {[%emt 0:02:29]} Rxf7 {[%emt 0:01:06]} 14. fxg4 {[%emt 0:00:07]} Rxf1+ {[%emt 0:00:14]} 15. Kxf1 {[%emt 0:00:37]} Qd7 {[%emt 0:05:09]} 16. h3 {[%emt 0:03:42]} Rd8 {[%emt 0:06:24]} 17. Rc1 {[%emt 0:08:44]} b5 {[%emt 0:05:15]} 18. g5 {[%emt 0:08:12]} Nc4 {[%emt 0:08:37]} 19. Bf2 {[%emt 0:01:01]} h6 {[%emt 0:15:20]} 20. a4 {[%emt 0:30:05]} hxg5 {[%emt 0:04:28]} 21. axb5 {[%emt 0:01:12]} Qxb5 {[%emt 0:00:16]} 22. Kg1 {[%emt 0:03:21]} Nd6 {[%emt 0:10:05]} 23. e5 {[%emt 0:02:25]} Nf5 {[%emt 0:02:46]} 24. Qc2 {[%emt 0:02:20]} e6 {[%emt 0:03:38]} 25. g4 {[%emt 0:04:30]} Ne7 {[%emt 0:01:09]} 26. Qc7 {[%emt 0:03:23]} Rd7 27. Qc4 {[%emt 0:01:54]} Qxc4 {[%emt 0:06:57]} 28. Rxc4 {[%emt 0:00:02]} Nd5 {[%emt 0:00:40]} 29. Ng3 {[%emt 0:04:24]} Bf8 {[%emt 0:01:24]} 30. Ne4 {[%emt 0:00:54]} Be7 {[%emt 0:01:01]} 31. Kg2 {[%emt 0:04:36]} Rc7 {[%emt 0:05:23]} 32. Rxc7 {[%emt 0:03:06]} Nxc7 {[%emt 0:00:01]} 33. Be3 {[%emt 0:01:30]} Nb5 {[%emt 0:03:03]} 34. Nc5 {[%emt 0:01:46]} Kf7 {[%emt 0:00:32]} 35. Kf3 {[%emt 0:00:28]} Nc3 {[%emt 0:04:08]} 36. Bd2 {[%emt 0:02:35]} Bxc5 {[%emt 0:03:28]} 37. dxc5 {[%emt 0:03:04]} Nb5 {[%emt 0:01:30]} 38. Ke4 {[%emt 0:00:50]} Nc7 {[%emt 0:02:57]} 39. Bxg5 {[%emt 0:02:17]} a5 {[%emt 0:00:21]} 40. Bd8 {[%emt 0:00:00]} Na6 {[%emt 0:00:28]} 41. Kd4 {[%emt 0:03:46]} a4 {[%emt 0:03:32]} 42. Bb6 {[%emt 0:05:00]} a3 {[%emt 0:03:14]} 43. Kc3 {[%emt 0:00:30]} Nb4 {[%emt 0:01:52]} 44. Kb3 {[%emt 0:04:06]} a2 {[%emt 0:01:06]} 45. Kb2 {[%emt 0:00:12]} g5 {[%emt 0:01:18]} 46. Ka1 {[%emt 0:00:55]} Ke8 {[%emt 0:02:39]} 47. Ba5 {[%emt 0:02:41]} Nd3 {[%emt 0:00:27]} 48. Kxa2 {[%emt 0:01:50]} Nxc5 {[%emt 0:01:46]} 49. Bd2 {[%emt 0:01:15]} Nd3 {[%emt 0:02:24]} 50. Bxg5 {[%emt 0:00:37]} Nf2 {[%emt 0:00:50]} 51. Bf6 {[%emt 0:00:56]} Nxh3 {[%emt 0:00:12]} 52. Kb3 {[%emt 0:00:16]} Nf2 {[%emt 0:00:45]} 53. g5 {[%emt 0:00:04]} Kf7 {[%emt 0:00:07]} 54. Kc4 {[%emt 0:00:16]} Kg6 {[%emt 0:00:11]} 55. Kc5 {[%emt 0:00:08]} Kf5 {[%emt 0:00:03]} 56. Kd6 {[%emt 0:00:08]} Ng4 {[%emt 0:01:19]} 57. Ke7 {[%emt 0:01:39]} Nxe5 {[%emt 0:00:17]} 58. Bxe5 {[%emt 0:00:10]} Kxg5 1/2-1/2

[Event "ESTCC U65 2018"]
[Site "Walbrzych"]
[Date "2018.04.17"]
[Round "4"]
[White "Andersson, Finn"]
[Black "Rintakoski, Pentti"]
[Result "1/2-1/2"]
[WhiteElo "1719"]
[BlackElo "1797"]
[Annotator "NA"]
[PlyCount "44"]
[EventDate "2018.??.??"]
[EventCountry "POL"]
[SourceTitle "playchess.com"]
[Source "ChessBase"]
[SourceQuality "1"]
[WhiteTeam "Denmark"]
[BlackTeam "Finland"]
[WhiteTeamCountry "DEN"]
[BlackTeamCountry "FIN"]
[TimeControl "40/5400+30:1800+30"]

1. e4 {[%emt 0:00:00]} c5 {[%emt 0:00:15]} 2. Nf3 {[%emt 0:00:00]} Nc6 {[%emt 0:00:17]} 3. d4 {[%emt 0:00:00]} cxd4 {[%emt 0:00:11]} 4. Nxd4 {[%emt 0:00:00]} Nf6 {[%emt 0:00:13]} 5. Nc3 {[%emt 0:00:09]} e6 {[%emt 0:00:42]} 6. a3 {[%emt 0:03:43]} a6 {[%emt 0:00:31]} 7. Nxc6 {[%emt 0:09:26]} bxc6 {[%emt 0:00:26]} 8. Be2 {[%emt 0:03:02]} Be7 {[%emt 0:00:18]} 9. O-O {[%emt 0:00:14]} O-O {[%emt 0:00:31]} 10. e5 {[%emt 0:07:08]} Nd5 {[%emt 0:00:39]} 11. Ne4 {[%emt 0:03:42]} Qc7 {[%emt 0:01:54]} 12. c4 {[%emt 0:00:51]} Nb6 {[%emt 0:00:48]} 13. Bf4 {[%emt 0:16:58]} Bb7 {[%emt 0:04:31]} 14. Bd3 {[%emt 0:09:11]} c5 {[%emt 0:01:18]} 15. Qc2 {[%emt 0:14:50]} h6 {[%emt 0:01:34]} 16. Bg3 {[%emt 0:06:31]} Qc6 {[%emt 0:01:06]} 17. f4 {[%emt 0:02:34]} Rad8 {[%emt 0:01:51]} 18. Rae1 {[%emt 0:00:39]} d6 {[%emt 0:00:28]} 19. exd6 {[%emt 0:04:42]} Bxd6 {[%emt 0:00:22]} 20. Re3 {[%emt 0:00:39]} Be7 {[%emt 0:01:00]} 21. f5 {[%emt 0:01:40]} Nd7 {[%emt 0:02:11]} 22. fxe6 {[%emt 0:02:42]} fxe6 {[%emt 0:00:36]} 1/2-1/2

[Event "ESTCC U65 2018"]
[Site "Walbrzych"]
[Date "2018.04.18"]
[Round "5"]
[White "Zhelnin, Vladimir V"]
[Black "Malmdin, Nils-Ake"]
[Result "1-0"]
[WhiteElo "2458"]
[BlackElo "2154"]
[Annotator "TA"]
[PlyCount "103"]
[EventDate "2018.??.??"]
[EventCountry "POL"]
[SourceTitle "playchess.com"]
[Source "ChessBase"]
[SourceQuality "1"]
[WhiteTeam "Russia"]
[BlackTeam "Sweden"]
[WhiteTeamCountry "RUS"]
[BlackTeamCountry "SWE"]

{[%evp 22,103,31,9,26,14,27,15,16,15,26,24,54,45,43,45,73,58,70,68,69,71,107,107,130,123,119,114,124,114,128,131,157,162,162,158,163,148,146,155,133,129,134,117,138,50,122,114,153,80,88,88,147,66,74,67,75,40,71,0,0,-11,-2,-37,102,69,105,0,0,0,791,718,774,753,786,775,923,513,756,747,890,864,818,815]} 1. e4 d6 2. d4 Nf6 3. Nc3 g6 4. Nf3 Bg7 5. Be2 O-O 6. O-O Nc6 7. d5 Nb8 8. Re1 e5 9. dxe6 Bxe6 10. Nd4 {B08: Pirc Defence: Classical System} Bd7 11. Bg5 (11. Bf4 Nc6 12. Nxc6 Bxc6 13. e5 dxe5 14. Qxd8 Raxd8 15. Bxe5 Nd5 16. Bxg7 Kxg7 17. Nxd5 Bxd5 {½-½ (31) Aleksandrov,A (2595)-Smirin,I (2656) Tromsoe 2014}) 11... h6 12. Bh4 {LiveBook: 5 Games. White is slightly better.} Re8 $146 ({Find the theoretical novelty and annotate with similar games:} 12... Nc6 13. Nxc6 Bxc6 14. f4 Qd7 15. Bf3 Rfe8 16. Qd3 Qc8 17. Rad1 Nd7 {½-½ (52) Velicka,P (2409)-Voigt,R (2466) Germany 2014}) 13. f3 Nc6 {White must now prevent ...Nxd4.} 14. Nxc6 bxc6 15. Rb1 Qc8 16. Qd2 Kh7 17. Bd3 {[%cal Be2d3,Bd3c4,Bc4f7][%mdl 32]} a5 18. b3 c5 19. Kh1 Qb7 20. Rbd1 Bc6 21. Bc4 g5 22. Bg3 Nh5 23. Bxf7 Nxg3+ 24. hxg3 Rf8 25. Bd5 Be5 26. Kh2 Rae8 27. Bxc6 Qxc6 28. Nd5 a4 29. f4 Bg7 30. Qd3 Kh8 31. Rf1 axb3 32. axb3 Qd7 {[#]} 33. Kh1 (33. e5 $1 $16) 33... Qg4 (33... Qf7 $14) 34. Qf3 $16 Qd7 35. Rfe1 (35. f5 $142) 35... Qf7 36. f5 Be5 (36... h5 $142) 37. Ne3 (37. g4 $16) 37... Bc3 $14 38. Rf1 h5 39. Nc4 Bd4 40. Rfe1 (40. Qd3 $16) 40... Qf6 41. Kh2 ({Not} 41. Qxh5+ $2 Kg7 $19) 41... Kg7 42. Rd3 Rh8 {[#]} (42... d5 $15 {keeps the upper hand.} 43. e5 Qxf5 44. Qxd5 h4) 43. e5 $1 $36 {[%mdl 2560] Black is under pressure.} dxe5 {[#]} (43... Bxe5 44. Nxe5) 44. c3 (44. Qe4 $1 $16) 44... g4 $1 $11 {[%cal Rg4f3]} 45. Qe4 h4 $2 {[%mdl 8192]} (45... Bf2 $11 46. Re2 h4 47. Qxg4+ Kf8 48. Rxf2 hxg3+ 49. Kxg3 Rg8) 46. Qxg4+ $18 {White is clearly winning.} Kf8 47. cxd4 hxg3+ 48. Kg1 Rg8 49. Qh3 e4 50. Rxg3 cxd4 51. Rxg8+ Kxg8 52. Qg4+ {Precision: White = 45%, Black = 42%.} 1-0

[Event "ESTCC U65 2018"]
[Site "Walbrzych"]
[Date "2018.04.18"]
[Round "5"]
[White "Lisenko, Alexander V"]
[Black "Carlsten, Peter"]
[Result "1/2-1/2"]
[WhiteElo "2368"]
[BlackElo "2010"]
[Annotator "TA"]
[PlyCount "51"]
[EventDate "2018.??.??"]
[EventCountry "POL"]
[SourceTitle "playchess.com"]
[Source "ChessBase"]
[SourceQuality "1"]
[WhiteTeam "Russia"]
[BlackTeam "Sweden"]
[WhiteTeamCountry "RUS"]
[BlackTeamCountry "SWE"]

{[%evp 21,51,3,14,10,8,6,0,-5,16,22,21,17,22,16,27,27,30,0,21,30,30,30,38,9,28,8,24,0,0,0,0,0]} 1. Nf3 d6 2. d4 f5 3. c4 Nf6 4. g3 g6 5. Bg2 Bg7 6. O-O O-O 7. Nc3 Qe8 8. d5 Na6 9. Nd4 Bd7 10. Rb1 c6 11. b3 Nc7 {LiveBook: 41 Games} 12. Ba3 {A87: Dutch Defence: Leningrad System: 5 Nf3} (12. Bb2 cxd5 13. Nxd5 Nfxd5 14. cxd5 Qf7 15. Ne6 Nxe6 16. dxe6 Bxe6 17. Bxb7 Rab8 18. Bf3 f4 19. Qd2 Rb5 20. Bxg7 Qxg7 {1-0 (34) Bosiocic,M (2562)-Bartel,M (2665) Plovdiv 2012}) 12... c5 13. Nf3 b5 $146 ({Predecessor:} 13... Rb8 14. b4 cxb4 15. Bxb4 Na6 16. Ba3 Qc8 17. Nd2 Nc5 18. Nb3 Nfe4 19. Nxe4 Nxe4 {0-1 (58) Collard,O (2210)-Eliet,N (2285) France 1994}) 14. cxb5 Nxb5 15. Nxb5 Bxb5 16. Ng5 Bd7 17. Bb2 Qc8 18. Ne6 Bxe6 19. dxe6 (19. Bxf6 $5 Bxf6 20. dxe6 $11) 19... Rb8 20. Bxf6 $1 Bxf6 21. Bd5 Qa6 22. Qd2 Kg7 23. Rbc1 Rb4 24. Rc4 Rxc4 25. Bxc4 Qa3 26. Rc1 1/2-1/2

[Event "ESTCC U65 2018"]
[Site "Walbrzych"]
[Date "2018.04.18"]
[Round "5"]
[White "Buchal, Stephan"]
[Black "Kolbak, Jens"]
[Result "1-0"]
[WhiteElo "2310"]
[BlackElo "2213"]
[Annotator "NA"]
[PlyCount "93"]
[EventDate "2018.??.??"]
[EventCountry "POL"]
[SourceTitle "playchess.com"]
[Source "ChessBase"]
[SourceQuality "1"]
[WhiteTeam "Germany"]
[BlackTeam "Denmark"]
[WhiteTeamCountry "GER"]
[BlackTeamCountry "DEN"]
[TimeControl "40/5400+30:1800+30"]

1. c4 {[%emt 0:00:00]} Nf6 {[%emt 0:00:32]} 2. g3 {[%emt 0:00:47]} g6 {[%emt 0:01:36]} 3. Bg2 {[%emt 0:00:59]} Bg7 {[%emt 0:00:06]} 4. Nc3 {[%emt 0:00:18]} c5 {[%emt 0:02:54]} 5. Nf3 {[%emt 0:01:48]} O-O {[%emt 0:00:27]} 6. O-O {[%emt 0:01:19] LiveBook: 1023 Games} d5 {[%emt 0:06:30]} 7. cxd5 {[%emt 0:01:20]} Nxd5 {[%emt 0:00:05]} 8. Nxd5 {[%emt 0:01:38]} Qxd5 {[%emt 0:00:07]} 9. d3 {[%emt 0:00:11]} Nc6 {[%emt 0:01:38]} 10. Be3 {[%emt 0:02:10]} Qd6 {[%emt 0:09:08]} 11. Rc1 {[%emt 0:07:56]} Nd4 {[%emt 0:08:30]} 12. Nxd4 {[%emt 0:24:51]} cxd4 {[%emt 0:01:01]} 13. Bd2 {[%emt 0:00:20]} Bg4 {[%emt 0:09:19]} 14. Qb3 {[%emt 0:05:56]} Rab8 {[%emt 0:02:08]} 15. Rc2 {[%emt 0:04:50]} Qa6 $14 {[%emt 0:04:00]} 16. Bb4 {[%emt 0:07:55]} Rfe8 {[%emt 0:11:35]} 17. Rfc1 {[%emt 0:08:32]} Bh6 {[%emt 0:05:09]} 18. Re1 {[%emt 0:04:22]} Bd7 {[%emt 0:07:55]} 19. Rc7 {[%emt 0:07:39]} Be6 {[%emt 0:03:49]} 20. Bd5 {[%emt 0:02:06]} Bxd5 {[%emt 0:01:56]} 21. Qxd5 {[%emt 0:00:04]} Red8 {[%emt 0:02:46]} 22. Qb3 {[%emt 0:07:23]} e6 {[%emt 0:01:10]} 23. f4 {[%emt 0:00:40]} Qb5 {[%emt 0:03:10]} 24. Rc5 {[%emt 0:01:58]} Qd7 {[%emt 0:06:16]} 25. Rec1 {[%emt 0:01:33]} Rbc8 {[%emt 0:00:25]} 26. Rxc8 {[%emt 0:01:37]} Rxc8 {[%emt 0:00:04]} 27. Rxc8+ {[%emt 0:00:37]} Qxc8 {[%emt 0:00:05]} 28. Qc4 {[%emt 0:00:32]} Qd7 {[%emt 0:00:41]} 29. Bc5 {[%emt 0:00:49]} Bg7 {[%emt 0:00:23]} 30. Bxa7 {[%emt 0:00:43]} e5 {[%emt 0:00:05]} 31. Bb8 {[%emt 0:00:44]} exf4 {[%emt 0:01:24]} 32. Bxf4 {[%emt 0:00:03]} h6 {[%emt 0:00:30]} 33. a4 {[%emt 0:00:59]} g5 {[%emt 0:01:10]} 34. Bc1 {[%emt 0:01:27]} Qg4 {[%emt 0:01:01]} 35. Qc2 {[%emt 0:01:04]} Be5 {[%emt 0:01:39]} 36. Qd1 {[%emt 0:01:12]} f5 {[%emt 0:04:05]} 37. Qb3+ {[%emt 0:00:42]} Kh8 {[%emt 0:00:32]} 38. Qe6 {[%emt 0:00:57]} Qxe2 {[%emt 0:00:53]} 39. Qxh6+ {[%emt 0:00:34]} Kg8 {[%emt 0:00:08]} 40. Qxg5+ {[%emt 0:00:00]} Bg7 {[%emt 0:00:48]} 41. Qd2 {[%emt 0:01:24]} Qf3 {[%emt 0:00:58]} 42. Qc2 {[%emt 0:01:47]} Be5 {[%emt 0:05:34]} 43. b4 {[%emt 0:05:26]} Kf7 {[%emt 0:00:38]} 44. a5 {[%emt 0:01:39]} Bxg3 {[%emt 0:11:02]} 45. Qc4+ {[%emt 0:01:11]} Kf6 {[%emt 0:03:50]} 46. hxg3 {[%emt 0:00:32]} Qxg3+ {[%emt 0:00:13]} 47. Kf1 {[%emt 0:00:09]} 1-0